Countries of the Deadliest Crowd Crushes and Stampedes - Statistics

General Stats
  • This quiz has been taken 305 times
    124 since last reset
  • The average score is 12 of 17
Answer Stats
Country % Correct
United States
99%
United Kingdom
92%
China
91%
India
90%
Russia
89%
Brazil
87%
Italy
84%
Japan
84%
Saudi Arabia
84%
Indonesia
78%
South Korea
74%
Iraq
70%
Peru
52%
Ethiopia
40%
Cambodia
21%
Ghana
21%
Guinea
7%
No matching quizzes found
Score Distribution
Percent of People with Each Score
Percentile by Number Answered
Your Score History
You have not taken this quiz since the last reset